|
|
|
|
| LEADER |
00893nam a2200253 a 4500 |
| 001 |
0017269 |
| 003 |
BD-DhAAL |
| 008 |
090719r20011990nyu 000 1 eng d |
| 010 |
|
|
|a 81014498
|
| 020 |
|
|
|a 0140148124
|
| 040 |
|
|
|a DLC
|c DLC
|d DLC
|d BD-DhAAL
|
| 082 |
0 |
0 |
|a 823
|2 19
|
| 100 |
1 |
|
|a Sidhwa, Bapsi.
|9 5967
|
| 245 |
1 |
4 |
|a The crow eaters /
|c Bapsi Sidhwa.
|
| 260 |
|
|
|a New York, N.Y.;
|a India :
|b St. Martin's Press;
|b Penguin Books,
|c c1990 [reprinted 2001].
|
| 300 |
|
|
|a 283 p. ;
|c 22 cm
|
| 526 |
|
|
|a ENH
|
| 541 |
1 |
|
|e 00017269
|a Words N' Pages
|
| 650 |
|
0 |
|a Parsees
|x Fiction.
|9 58385
|
| 651 |
|
0 |
|a Pakistan
|x Fiction.
|9 20158
|
| 852 |
4 |
|
|a Ayesha Abed Library
|c General Stacks
|
| 942 |
|
|
|2 ddc
|c BK
|
| 999 |
|
|
|c 2769
|d 2769
|
| 952 |
|
|
|0 0
|1 0
|2 ddc
|4 0
|6 823_SID
|7 0
|9 2543
|a BRACUL
|b BRACUL
|c GEN
|d 2009-07-23
|e Words N' Pages
|g 520.00
|l 9
|m 39
|o 823 SID
|p 3010017269
|r 2025-02-12
|s 2025-02-09
|t 1
|v 1040.00
|w 2009-07-23
|y BK
|